Problems of Education in Pakistan (Record no. 343845)
[ view plain ]
| 000 -LEADER | |
|---|---|
| fixed length control field | 00357 a2200133 4500 |
| 082 ## - DEWEY DECIMAL CLASSIFICATION NUMBER | |
| Classification number | 370.95491 |
| 090 ## - LOCALLY ASSIGNED LC-TYPE CALL NUMBER (OCLC); LOCAL CALL NUMBER (RLIN) | |
| -- | 1323 |
| -- | 1323 |
| 100 ## - MAIN ENTRY--PERSONAL NAME | |
| Personal name | Quddus, Naseem Jaffer |
| 245 ## - TITLE STATEMENT | |
| Title | Problems of Education in Pakistan |
| Statement of responsibility, etc. | Naseem Jaffer Quddus |
| 260 ## - PUBLICATION, DISTRIBUTION, ETC. | |
| Place of publication, distribution, etc. | Karachi |
| Name of publisher, distributor, etc. | Royal book Company |
| Date of publication, distribution, etc. | 1990 |
| 300 ## - PHYSICAL DESCRIPTION | |
| Extent | 380p |
| 500 ## - GENERAL NOTE | |
| General note | Hard cover |
| 942 ## - ADDED ENTRY ELEMENTS (KOHA) | |
| Institution code [OBSOLETE] | NBS |
| Koha item type | Book |
| Call number prefix | 370.95491 QUD |
| Withdrawn status | Lost status | Damaged status | Not for loan | Permanent Location | Current Location | Date acquired | Total Checkouts | Full call number | Barcode | Date last seen | Date last checked out | Price effective from | Koha item type |
|---|---|---|---|---|---|---|---|---|---|---|---|---|---|
| Central Library (CL) | Central Library (CL) | 08/28/2013 | 1 | 370.95491 QUD | NBS1992 | 11/23/2017 | 08/22/2017 | 08/28/2013 | Book |
